Geomorphology : an introduction to the study of landscapes. /
Guardado en:
| Autor Principal: | |
|---|---|
| Formato: | Libro |
| Idioma: | English |
| Publicado: |
New York :
McGraw-Hill,
1939.
|
| Etiquetas: |
Agregar Etiqueta
Sin Etiquetas, Sea el primero en etiquetar este registro!
|
| LEADER | 00466nam a22001455a 4500 | ||
|---|---|---|---|
| 001 | EUN.um020678 | ||
| 003 | AR-BaUNS | ||
| 005 | 20050623122900.0 | ||
| 008 | 041125s1939####xxua##########000#0#eng#d | ||
| 245 | 1 | 0 | |a Geomorphology : |b an introduction to the study of landscapes. / |c A. K. Lobeck. |
| 260 | |a New York : |b McGraw-Hill, |c 1939. | ||
| 300 | |a 718 p. : |b ilus. ; |c 23,5 cm. | ||
| 100 | 1 | |a Lobeck, A. K. | |
| 082 | 0 | 4 | |a 551.4 |
| 859 | |a Ar-BaUNS |b BIB. CENTRAL - Sector C |h 551.4 |i L783-1 |p 564/960 | ||
